Géographie de l'Asie par lettre - Q - Statistiques

Statistiques générales
  • Ce quiz a été pris 85 fois
  • Le résultat moyen est 3 sur 18
Statistiques - réponses
Indice Réponse % Correct
Seul pays du monde dont le nom commence par Q Le Qatar
99%
Dernière dynastie impériale ayant régné sur la Chine de 1644 à 1912 La dynastie {Qing}
72%
Ville d'Iran au sud ouest de Téhéran et ville sainte du Chiisme Qom
35%
Ville la plus peuplée des Philippines Quezon city
24%
Ville de Chine qui fut une colonie allemande et qui donna son nom à une célèbre bière exportée dans le monde entier Qingdao
20%
Littéralement la "direction" en arabe vers laquelle les musulmans prient Qibla
12%
Province de l'ouest de la Chine dont le nom vient d'un grand lac de la région Le Qinghai
7%
Capitale du Baloutchistan pakistanais Quetta
7%
Groupe de coopération militaire et diplomatique informelle entre les États-Unis, l’Inde, le Japon et l’Australie pour contrer l'influence de la Chine Le Quad
5%
Sultan d'Oman de 1970 à 2020 {Qabus} ibn Said
4%
Capitale de la région de facto autonome du Kurdistan syrien, à la frontière avec la Turquie au nord-est Qamichli
4%
Plus grande île iranienne et du golfe Persique au large de Bandar Abbas Qechm
3%
Vallée aux pentes très escarpées au centre-nord du Liban à proximité de la forêt "des cèdres de Dieu" La vallée de {Qadisha}
1%
Minaret le plus haut d'Inde et troisième du monde situé à Delhi Le {Qûtb} Minâr
1%
Peuple du nord-ouest du Sichuan habitant principalement des secteurs accidentés et décrits étymologiquement par les Han comme des éleveurs de moutons Les Qiangs
1%
Grande ville côtière du Fujian dans le détroit de Taïwan Quanzhou
1%
Capitale du Bình Định, région du Vietnam Qui Nhơn
0%
Type d'ouvrage hydraulique central pour l'irrigation des cultures en Perse dans l'antiquité et qui s'est diffusé du Maghreb à l'Inde Un Qanat
0%
Aucun quiz correspondant
Distribution des résultats
% des personnes avec chaque résultat
Percentile par nombre de réponses
Votre historique - résultats
Vous n’avez pas pris ce quiz